000 00481nam a22001817a 4500
003 UA-OsUOA
001 16938
007 ta
008 20040203b un ||||| |||| 00| 0 ukr d
100 _aСвищевська Н.
942 _cSA
040 _aUA-OsUOA
_cUA-OsUOA
_dUA-OsUOA
245 _aЗ Новим роком!: [Вірш]
300 _aС.8
955 _a0
773 0 _w0
_tСарненські новини
_dСарни
_d2004
_g№1/3/1 січ./
650 7 _aВірші
_2UDC
999 _c303106
_d303106